Cities by 1800s Picture Click Quiz - Statistics

General Stats
  • This quiz has been taken 114 times
  • The average score is 8 of 15
Answer Stats
Hint Answer % Correct
Istanbul
79%
New York
76%
Paris
71%
Rio de Janeiro
70%
Moscow
67%
Amsterdam
56%
Tokyo
56%
Cairo
54%
Bangkok
50%
London
50%
Milan
50%
Jaffa
44%
Los Angeles
41%
Guangzhou
34%
Buenos Aires
23%
No matching quizzes found
Score Distribution
Percent of People with Each Score
Percentile by Number Answered
Your Score History
You have not taken this quiz